Statistics for Geography by Letter - R

Click here to take the quiz!

General Stats

  • This quiz has been taken 81,794 times
  • The average score is 14 of 20

Answer Stats

HintAnswer% Correct
World's biggest country by areaRussia
100%
Islamic month of fastingRamadan
90%
Transylvania is a region of this countryRomania
89%
Mountain with four presidents
carved into its face
Rushmore
89%
Musical genre from JamaicaReggae
88%
Smallest U.S. stateRhode Island
88%
The Eternal CityRome
88%
Currency of that countryRuble
78%
Currency of IndiaRupee
78%
River that flows past Basel and DüsseldorfRhine
76%
Capital of LatviaRiga
76%
Major port city in the NetherlandsRotterdam
74%
Capital of Saudi ArabiaRiyadh
67%
Jamaican religion known for marijuana useRastafarianism
66%
Irish low-cost airlineRyanair
64%
City of Ipanema beach and
Corcovado mountain
Rio de Janeiro
58%
Large water storage areaReservoir
57%
Capital of the Confederate States of AmericaRichmond
48%
City near Durham and Chapel HillRaleigh
38%
River crossed by Julius CaesarRubicon
37%

Score Distribution

Percentile by Number Answered

Percent of People with Each Score

Your Score History

You have not taken this quiz